Statistics for Hidden Letters #8

Click here to take the quiz!

General Stats

  • This quiz has been taken 30 times
  • The average score is 9 of 11

Answer Stats

HintAnswer% Correct
Biggest country in South AmericaBrazil
100%
Country north of LatviaEstonia
100%
Biggest country in OceaniaAustralia
97%
Majorly practiced religion in PakistanIslam
93%
Country with capital of KabulAfghanistan
90%
Island country near RussiaJapan
83%
Country to the north of NamibiaAngola
77%
Ethnic group in South AfricaZulu
67%
HIDDEN WORD:AZERBAIJAN
63%
Country with capital of Yaren DistrictNauru
57%
Capital of VirginiaRichmond
57%

Score Distribution

Percentile by Number Answered

Percent of People with Each Score

Your Score History

You have not taken this quiz